[Event "Islington op 8th Evening Standard"]
[Site "London"]
[Date "1972.12.16"]
[Round "3"]
[White "Marden, Larry E"]
[Black "Shepstone, Andrew P"]
[Result "0-1"]
[WhiteElo "1880"]
[BlackElo "2112"]
[PlyCount "48"]
[EventDate "1972.12.15"]
[EventType "swiss"]
[EventRounds "6"]
[EventCountry "ENG"]
[SourceTitle "BritBase"]
[Source "John Saunders"]
[SourceDate "2023.12.16"]
[SourceVersion "1"]
[SourceVersionDate "2023.12.16"]
[SourceQuality "1"]

1. d4 Nf6 2. c4 c5 3. d5 e6 4. dxe6 fxe6 5. Nc3 d5 6. e3 Nc6 7. Nf3 Be7 8. Bd3
O-O 9. cxd5 exd5 10. h3 a6 11. a4 Bd6 12. Nxd5 Nxd5 13. Bc4 Ncb4 14. Bxd5+ Nxd5
15. Qxd5+ Kh8 16. Qd1 Bf5 17. Bd2 Qe7 18. Bc3 Be4 19. Rg1 Rad8 20. Qe2 Bc7 21.
Qc4 Bg3 22. Bd2 Bxf2+ 23. Kxf2 Bxf3 24. Ke1 Qd6 0-1

[Event "Islington op 8th Evening Standard"]
[Site "London"]
[Date "1972.12.16"]
[Round "3"]
[White "MacDonald, David G"]
[Black "Sherman, David"]
[Result "1/2-1/2"]
[WhiteElo "2024"]
[BlackElo "2200"]
[PlyCount "61"]
[EventDate "1972.12.15"]
[EventType "swiss"]
[EventRounds "6"]
[EventCountry "ENG"]
[SourceTitle "BritBase"]
[Source "John Saunders"]
[SourceDate "2023.12.16"]
[SourceVersion "1"]
[SourceVersionDate "2023.12.16"]
[SourceQuality "1"]

1. Nf3 g6 2. c4 Bg7 3. d4 Nf6 4. Nc3 O-O 5. e4 d6 6. Be2 Bg4 7. Be3 Nbd7 8. h3
Bxf3 9. Bxf3 e5 10. O-O exd4 11. Bxd4 Re8 12. Qc2 c6 13. Rad1 Qc7 14. Be3 Rad8
15. Rd2 Nc5 16. b4 Ne6 17. Rfd1 h6 18. g3 Ng5 19. Bg2 Qe7 20. f3 d5 21. cxd5
cxd5 22. Nxd5 Nxd5 23. Rxd5 Rxd5 24. Rxd5 Qxb4 25. Qb3 Qe1+ 26. Kh2 Rc8 27. Bd2
Qf2 28. h4 Rc3 29. Bxc3 Nxf3+ 30. Kh3 Ng1+ 31. Kh2 1/2-1/2

[Event "Islington op 8th Evening Standard"]
[Site "London"]
[Date "1972.12.16"]
[Round "3"]
[White "Milnes, Anthony CP"]
[Black "Parr, David"]
[Result "0-1"]
[WhiteElo "2016"]
[BlackElo "2152"]
[PlyCount "94"]
[EventDate "1972.12.15"]
[EventType "swiss"]
[EventRounds "6"]
[EventCountry "ENG"]
[SourceTitle "BritBase"]
[Source "John Saunders"]
[SourceDate "2023.12.16"]
[SourceVersion "1"]
[SourceVersionDate "2023.12.16"]
[SourceQuality "1"]

1. e4 c5 2. f4 Nc6 3. Nf3 g6 4. Nc3 Bg7 5. Bb5 d6 6. O-O e6 7. Bxc6+ bxc6 8. d3
Ne7 9. Qe1 O-O 10. Bd2 Rb8 11. Rb1 Ba6 12. b3 d5 13. e5 Nf5 14. Na4 c4 15. bxc4
dxc4 16. Nc5 Rxb1 17. Qxb1 Bb5 18. Kh1 cxd3 19. cxd3 Qd5 20. Rc1 Rd8 21. a4
Bxd3 22. Qxd3 Qxd3 23. Nxd3 Rxd3 24. Rxc6 h6 25. Rc3 Rd8 26. g4 Nh4 27. Nxh4
Rxd2 28. Nf3 Ra2 29. Rc4 Rf2 30. Rc3 Bf8 31. Kg1 Ra2 32. Rc4 Kg7 33. Nd4 Rd2
34. Nb5 a6 35. Nc7 a5 36. Nb5 Bb4 37. Na7 Ra2 38. Nc6 Rxa4 39. Kg2 Ra2+ 40. Kf3
Bf8 41. h4 a4 42. Nd4 a3 43. Ra4 Rd2 44. Nb5 Bc5 45. Nd6 a2 46. Ne4 Rd3+ 47.
Kg2 Ra3 0-1

[Event "Islington op 8th Evening Standard"]
[Site "London"]
[Date "1972.12.16"]
[Round "3"]
[White "Pritchard, David Brine"]
[Black "Green, SL"]
[Result "1-0"]
[WhiteElo "2240"]
[BlackElo "1720"]
[PlyCount "33"]
[EventDate "1972.12.15"]
[EventType "swiss"]
[EventRounds "6"]
[EventCountry "ENG"]
[SourceTitle "BritBase"]
[Source "John Saunders"]
[SourceDate "2023.12.16"]
[SourceVersion "1"]
[SourceVersionDate "2023.12.16"]
[SourceQuality "1"]

1. e4 e5 2. f4 Bc5 3. Nf3 d6 4. d4 exd4 5. Nxd4 Nf6 6. Nc3 O-O 7. Be3 Re8 8.
Bd3 Ng4 9. Bg1 f5 10. Kf1 fxe4 11. Nxe4 Rf8 12. Nxc5 Rxf4+ 13. Nf3 Qh4 14. Qe2
Qh5 15. Re1 dxc5 16. Bc4+ Kf8 17. Qe7# 1-0

[Event "Islington op 8th Evening Standard"]
[Site "London"]
[Date "1972.12.16"]
[Round "3"]
[White "Shaw, Terrey Ian"]
[Black "Morphy, H"]
[Result "0-1"]
[WhiteElo "2392"]
[BlackElo "2024"]
[PlyCount "96"]
[EventDate "1972.12.15"]
[EventType "swiss"]
[EventRounds "6"]
[EventCountry "ENG"]
[SourceTitle "BritBase"]
[Source "John Saunders"]
[SourceDate "2023.12.16"]
[SourceVersion "1"]
[SourceVersionDate "2023.12.16"]
[SourceQuality "1"]

1. e4 g6 2. d4 Bg7 3. Nf3 d6 4. Nc3 c6 5. Be2 Nf6 6. O-O O-O 7. h3 Nfd7 8. Be3
b5 9. Qd2 Re8 10. Rad1 Nb6 11. e5 Be6 12. b3 N8d7 13. Bh6 Bh8 14. Qe3 Bd5 15.
Rfe1 Rc8 16. Nxd5 Nxd5 17. Qg5 Nc3 18. Rd3 Qa5 19. e6 f6 20. Qe3 Nxe2+ 21. Rxe2
Nb6 22. c3 Nd5 23. Qc1 c5 24. Bd2 Qxa2 25. c4 Nf4 26. Bxf4 Qxe2 27. Re3 Qa2 28.
d5 Rb8 29. cxb5 Rxb5 30. Nd2 f5 31. Kh2 Rb4 32. Rf3 Rd4 33. h4 Rxf4 34. Rxf4
Be5 35. Nf3 Bxf4+ 36. Qxf4 Qxb3 37. h5 Qxd5 38. Qa4 Rf8 39. Qd7 f4 40. Qxe7
Qxh5+ 41. Kg1 Qh6 42. Qxd6 Qg7 43. Qxc5 Rd8 44. Qg5 Re8 45. Qd5 Qe7 46. Ng5 h6
47. Nf7 Qxe6 48. Nxh6+ Kh7 0-1

[Event "Islington op 8th Evening Standard"]
[Site "London"]
[Date "1972.12.16"]
[Round "3"]
[White "Stean, Michael Frank"]
[Black "George, D"]
[Result "1-0"]
[WhiteElo "2328"]
[BlackElo "1680"]
[PlyCount "55"]
[EventDate "1972.12.15"]
[EventType "swiss"]
[EventRounds "6"]
[EventCountry "ENG"]
[SourceTitle "BritBase"]
[Source "John Saunders"]
[SourceDate "2023.12.16"]
[SourceVersion "1"]
[SourceVersionDate "2023.12.16"]
[SourceQuality "1"]

1. e4 Nc6 2. Nf3 e5 3. Bb5 a6 4. Bxc6 dxc6 5. O-O f6 6. d4 Bg4 7. dxe5 Qxd1 8.
Rxd1 fxe5 9. Rd3 Bd6 10. Nbd2 Nf6 11. Nc4 Nxe4 12. Nfxe5 Bf5 13. f3 Nf6 14.
Rxd6 cxd6 15. Nxd6+ Ke7 16. Nxf5+ Ke6 17. Nxg7+ Kxe5 18. b3 Kd5 19. Bb2 Rhf8
20. Rd1+ Kc5 21. Ne6+ Kb6 22. Nxf8 Rxf8 23. Bxf6 Rxf6 24. Rd7 h6 25. Kf2 c5 26.
g4 Kc6 27. Rd2 b5 28. Kg3 1-0

[Event "Islington op 8th Evening Standard"]
[Site "London"]
[Date "1972.12.16"]
[Round "4"]
[White "Antunac, Goran"]
[Black "Mestel, A Jonathan"]
[Result "1-0"]
[WhiteElo "2430"]
[BlackElo "2256"]
[PlyCount "97"]
[EventDate "1972.12.15"]
[EventType "swiss"]
[EventRounds "6"]
[EventCountry "ENG"]
[SourceTitle "BritBase"]
[Source "John Saunders"]
[SourceDate "2023.12.16"]
[SourceVersion "1"]
[SourceVersionDate "2023.12.16"]
[SourceQuality "1"]

1. d4 g6 2. c4 Bg7 3. Nc3 d6 4. Nf3 Nd7 5. Bg5 h6 6. Bh4 Ngf6 7. e3 O-O 8. Qc2
c6 9. Be2 a6 10. a4 a5 11. O-O Qc7 12. Rfd1 Re8 13. h3 b6 14. Bg3 Bb7 15. Rac1
Rad8 16. Nd2 Nb8 17. c5 Na6 18. cxd6 exd6 19. Qb3 Nb4 20. Na2 Nfd5 21. Nc3 Qe7
22. Nc4 Ba6 23. Bf3 Bxc4 24. Qxc4 Nc7 25. Na2 d5 26. Qb3 Nca6 27. Nc3 Kh7 28.
Be2 Qb7 29. Nb1 Re6 30. Na3 Bf8 31. Nc2 Bd6 32. Bxa6 Nxa6 33. Bxd6 Rdxd6 34.
Ne1 Nb4 35. Nd3 Nxd3 36. Rxd3 Rd8 37. Rdc3 f5 38. Qc2 Rdd6 39. g3 Kg7 40. Rb3
Qa6 41. Qd3 Qa7 42. Rbc3 h5 43. h4 Qb7 44. Rb1 Rd8 45. b4 axb4 46. Rxb4 Ra8 47.
Rcb3 Qa6 48. Qxa6 Rxa6 49. Rxb6 1-0

[Event "Islington op 8th Evening Standard"]
[Site "London"]
[Date "1972.12.16"]
[Round "4"]
[White "Argyris, Nicholas J C"]
[Black "Stean, Michael Frank"]
[Result "0-1"]
[WhiteElo "2144"]
[BlackElo "2328"]
[PlyCount "50"]
[EventDate "1972.12.15"]
[EventType "swiss"]
[EventRounds "6"]
[EventCountry "ENG"]
[SourceTitle "BritBase"]
[Source "John Saunders"]
[SourceDate "2023.12.16"]
[SourceVersion "1"]
[SourceVersionDate "2023.12.16"]
[SourceQuality "1"]

1. e4 c5 2. Nf3 d6 3. d4 cxd4 4. Nxd4 Nf6 5. Nc3 a6 6. Bg5 e6 7. f4 Be7 8. Qf3
Qc7 9. O-O-O Nbd7 10. Bd3 b5 11. Rhe1 Bb7 12. Qg3 b4 13. Nd5 exd5 14. exd5 Kd8
15. Nf5 Bf8 16. Re4 Qb6 17. Rc4 Bxd5 18. Rd4 Bc6 19. Bc4 Kc7 20. Bxf6 Nxf6 21.
Nxd6 Bxd6 22. Qxg7 Bxf4+ 23. Kb1 Be5 24. Qxf7+ Nd7 25. Rxd7+ Bxd7 {Source:
CHESS, January 1973, Vol.38/665-6, p122} 0-1

[Event "Islington op 8th Evening Standard"]
[Site "London"]
[Date "1972.12.16"]
[Round "4"]
[White "Burton, Graham P"]
[Black "Kennaugh, Charles W"]
[Result "0-1"]
[WhiteElo "2232"]
[BlackElo "2064"]
[PlyCount "58"]
[EventDate "1972.12.15"]
[EventType "swiss"]
[EventRounds "6"]
[EventCountry "ENG"]
[SourceTitle "BritBase"]
[Source "John Saunders"]
[SourceDate "2023.12.16"]
[SourceVersion "1"]
[SourceVersionDate "2023.12.16"]
[SourceQuality "1"]

1. e4 e5 2. Nf3 Nc6 3. Bc4 Nf6 4. d4 exd4 5. e5 d5 6. Bb5 Ne4 7. Nxd4 Bd7 8.
Bxc6 bxc6 9. O-O Bc5 10. Be3 Qe7 11. Re1 O-O 12. f3 Ng5 13. Qd2 Rfe8 14. Kh1
Bxd4 15. Bxd4 Ne6 16. Bf2 a5 17. c4 Qb4 18. b3 Qxd2 19. Nxd2 a4 20. b4 Nf4 21.
Re3 Bf5 22. cxd5 Nxd5 23. Re2 Bd3 24. Ree1 Nxb4 25. Re3 Red8 26. Rc1 Nxa2 27.
Rxc6 Bb5 28. Rc2 Nb4 29. Rb2 Nd3 0-1

[Event "Islington op 8th Evening Standard"]
[Site "London"]
[Date "1972.12.16"]
[Round "4"]
[White "Farley, Ronald JM"]
[Black "Webb, Roger"]
[Result "1-0"]
[WhiteElo "2080"]
[BlackElo "2240"]
[PlyCount "61"]
[EventDate "1972.12.15"]
[EventType "swiss"]
[EventRounds "6"]
[EventCountry "ENG"]
[SourceTitle "BritBase"]
[Source "John Saunders"]
[SourceDate "2023.12.16"]
[SourceVersion "1"]
[SourceVersionDate "2023.12.16"]
[SourceQuality "1"]

1. e4 e5 2. f4 exf4 3. Nf3 d6 4. Bc4 h6 5. h4 Nc6 6. d4 Bg4 7. c3 Qf6 8. Qa4
O-O-O 9. d5 Nb8 10. Qxa7 Qg6 11. O-O Nf6 12. Bxf4 Nxe4 13. Nbd2 Bh3 14. Ne1
Nxd2 15. Bxd2 Bd7 16. a4 c6 17. a5 cxd5 18. Bxd5 Bc6 19. Bxf7 Qe4 20. Rf4 Qe2
21. Be3 Be7 22. Be6+ Rd7 23. Rf2 Qb5 24. Qd4 Rf8 25. Rxf8+ Bxf8 26. Nd3 Na6 27.
b4 Qh5 28. Rf1 Be7 29. Qxg7 Qe2 30. Rf8+ Bd8 31. Rxd8+ 1-0

[Event "Islington op 8th Evening Standard"]
[Site "London"]
[Date "1972.12.16"]
[Round "4"]
[White "Green, SL"]
[Black "Morley, Andrew J"]
[Result "1/2-1/2"]
[WhiteElo "1720"]
[BlackElo "2088"]
[PlyCount "108"]
[EventDate "1972.12.15"]
[EventType "swiss"]
[EventRounds "6"]
[EventCountry "ENG"]
[SourceTitle "BritBase"]
[Source "John Saunders"]
[SourceDate "2023.12.16"]
[SourceVersion "1"]
[SourceVersionDate "2023.12.16"]
[SourceQuality "1"]

1. Nf3 d5 2. b4 Nf6 3. Bb2 e6 4. b5 Be7 5. g3 O-O 6. Bg2 Nbd7 7. O-O Nb6 8. d3
Bd7 9. a4 c6 10. bxc6 Bxc6 11. a5 Nbd7 12. Ne5 Nxe5 13. Bxe5 Rc8 14. Bc3 Qc7
15. d4 Rfd8 16. e3 Ne4 17. Bxe4 dxe4 18. Qg4 Bd5 19. h4 f5 20. Qh3 h5 21. Rc1
Qd7 22. Qf1 Qe8 23. Qe1 Rc6 24. Bb4 Bf6 25. Na3 Rdc8 26. c3 e5 27. Bc5 exd4 28.
cxd4 Rxc5 29. Rxc5 Rxc5 30. dxc5 Bxa1 31. Qxa1 Qa4 32. Qd4 Bb3 33. Qxa4 Bxa4
34. Kf1 Kf7 35. Ke2 Ke6 36. Kd2 Kd5 37. Kc3 Kxc5 38. Nc4 Be8 39. Na3 Bf7 40.
Nc2 g6 41. Nd4 Bc4 42. Nc2 Bg8 43. Nd4 Bf7 44. Nc2 b5 45. axb6 axb6 46. Nd4 b5
47. Nc2 Bc4 48. Nb4 Be2 49. Nc2 Bd1 50. Nb4 Be2 51. Nc2 Bf1 52. Nb4 Bd3 53. Na2
Bc4 54. Nb4 Kb6 1/2-1/2

[Event "Islington op 8th Evening Standard"]
[Site "London"]
[Date "1972.12.16"]
[Round "4"]
[White "Melville, A"]
[Black "Botterill, George Steven"]
[Result "1/2-1/2"]
[WhiteElo "2024"]
[BlackElo "2440"]
[PlyCount "78"]
[EventDate "1972.12.15"]
[EventType "swiss"]
[EventRounds "6"]
[EventCountry "ENG"]
[SourceTitle "BritBase"]
[Source "John Saunders"]
[SourceDate "2023.12.16"]
[SourceVersion "1"]
[SourceVersionDate "2023.12.16"]
[SourceQuality "1"]

1. e4 d6 2. d4 Nf6 3. Nc3 g6 4. f4 Bg7 5. Nf3 O-O 6. Bd3 Nc6 7. O-O Bg4 8. Be3
e5 9. fxe5 dxe5 10. d5 Nd4 11. Be2 Nxe2+ 12. Qxe2 Ne8 13. Qd3 Nd6 14. Nd2 Bd7
15. Bc5 b6 16. Ba3 Qb8 17. Rae1 b5 18. Bc5 b4 19. Ne2 f5 20. c4 bxc3 21. Nxc3
Qb7 22. b3 Rad8 23. b4 fxe4 24. Ndxe4 Rxf1+ 25. Rxf1 Bf5 26. Rd1 Bf8 27. Qe3
Nxe4 28. Nxe4 Bg7 29. Qd3 h5 30. h3 a6 31. a4 Qc8 32. Qc4 Qd7 33. Ng3 Qxa4 34.
Rf1 Qc2 35. Qh4 Rxd5 36. Nxf5 gxf5 37. Qxh5 Rd2 38. Qe8+ Kh7 39. Qh5+ Kg8
1/2-1/2

[Event "Islington op 8th Evening Standard"]
[Site "London"]
[Date "1972.12.16"]
[Round "4"]
[White "Morphy, H"]
[Black "Hartston, William Roland"]
[Result "0-1"]
[WhiteElo "2024"]
[BlackElo "2472"]
[PlyCount "54"]
[EventDate "1972.12.15"]
[EventType "swiss"]
[EventRounds "6"]
[EventCountry "ENG"]
[SourceTitle "BritBase"]
[Source "John Saunders"]
[SourceDate "2023.12.16"]
[SourceVersion "1"]
[SourceVersionDate "2023.12.16"]
[SourceQuality "1"]

1. Nf3 g6 2. g3 Bg7 3. Bg2 c5 4. O-O Nc6 5. c4 e6 6. Nc3 Nge7 7. Ne4 d6 8. d3
O-O 9. Rb1 b6 10. a3 d5 11. cxd5 exd5 12. Nc3 Bb7 13. Bg5 f6 14. Bf4 f5 15. Nb5
Qd7 16. Nd6 Rad8 17. Ng5 Ba8 18. e4 h6 19. Ngf7 Rxf7 20. exd5 Nd4 21. Nxf7 Kxf7
22. d6 Bxg2 23. dxe7 Bf3 24. exd8=Q Qxd8 25. Qxf3 Nxf3+ 26. Kg2 Qd5 27. Kh3 g5
0-1

[Event "Islington op 8th Evening Standard"]
[Site "London"]
[Date "1972.12.16"]
[Round "4"]
[White "Nicholas, Geoffrey James"]
[Black "James, Geoffrey H"]
[Result "1/2-1/2"]
[WhiteElo "2048"]
[BlackElo "2232"]
[PlyCount "51"]
[EventDate "1972.12.15"]
[EventType "swiss"]
[EventRounds "6"]
[EventCountry "ENG"]
[SourceTitle "Denman Collection"]
[Source "Brian Denman"]
[SourceDate "2023.11.29"]
[SourceVersion "1"]
[SourceVersionDate "2023.11.29"]
[SourceQuality "1"]

1. d4 g6 2. c4 Bg7 3. Nf3 d6 4. Nc3 Nf6 5. e4 c6 6. Be2 O-O 7. O-O Qc7 8. Rb1
e5 9. c5 dxc5 10. dxc5 Rd8 11. Qb3 Bg4 12. Qa3 Nbd7 13. b4 Nf8 14. Be3 Ne6 15.
Rfd1 Bxf3 16. Rxd8+ Qxd8 17. Bxf3 Nd4 18. Bxd4 exd4 19. Rd1 Nd7 20. Ne2 Ne5 21.
Nc1 Nxf3+ 22. Qxf3 a5 23. a3 axb4 24. axb4 Ra1 25. Nd3 Qa8 26. g3 {Source: G H
James (Denman Collection)} 1/2-1/2

[Event "Islington op 8th Evening Standard"]
[Site "London"]
[Date "1972.12.16"]
[Round "4"]
[White "Parr, David"]
[Black "Franklin, Michael J"]
[Result "0-1"]
[WhiteElo "2152"]
[BlackElo "2320"]
[PlyCount "46"]
[EventDate "1972.12.15"]
[EventType "swiss"]
[EventRounds "6"]
[EventCountry "ENG"]
[SourceTitle "BritBase"]
[Source "John Saunders"]
[SourceDate "2023.12.16"]
[SourceVersion "1"]
[SourceVersionDate "2023.12.16"]
[SourceQuality "1"]

1. b4 a5 2. b5 b6 3. Bb2 Bb7 4. e3 Nf6 5. Nf3 e6 6. Be2 Be7 7. O-O O-O 8. d4
Ne4 9. Nfd2 f5 10. c4 d5 11. Nc3 Nd7 12. Ndxe4 dxe4 13. Qb3 Rf6 14. Rad1 Bd6
15. g3 Qe7 16. Na4 Rh6 17. f4 exf3 18. Bxf3 Rxh2 19. Bxb7 Bxg3 20. c5 Kh8 21.
Rxf5 exf5 22. Bxa8 Qh4 23. Qe6 Rh1+ 0-1

[Event "Islington op 8th Evening Standard"]
[Site "London"]
[Date "1972.12.16"]
[Round "4"]
[White "Stainton, JG"]
[Black "Saverymuttu, Seth"]
[Result "1/2-1/2"]
[WhiteElo "2152"]
[BlackElo "2344"]
[PlyCount "98"]
[EventDate "1972.12.15"]
[EventType "swiss"]
[EventRounds "6"]
[EventCountry "ENG"]
[SourceTitle "BritBase"]
[Source "John Saunders"]
[SourceDate "2023.12.16"]
[SourceVersion "1"]
[SourceVersionDate "2023.12.16"]
[SourceQuality "1"]

1. d4 Nf6 2. c4 g6 3. Nc3 Bg7 4. e4 d6 5. Nge2 O-O 6. Ng3 c5 7. d5 e6 8. Be2
exd5 9. cxd5 Na6 10. h4 Nc7 11. a4 b6 12. h5 a6 13. hxg6 fxg6 14. Bg5 Rb8 15.
Qd2 b5 16. axb5 axb5 17. Bh6 Qe7 18. Bxg7 Qxg7 19. O-O h5 20. f3 h4 21. Nh1 g5
22. g4 hxg3 23. Nxg3 g4 24. f4 Qh7 25. Rf2 b4 26. Nd1 Nxe4 27. Nxe4 Qxe4 28.
Ne3 Rxf4 29. Rxf4 Qxf4 30. Rf1 Qg5 31. Bc4 Bd7 32. Qf2 Qg7 33. Qf4 Rf8 34. Qxd6
Rxf1+ 35. Kxf1 Qf8+ 36. Qxf8+ Kxf8 37. Kg2 Ke7 38. Kg3 Kd6 39. Kf4 Bc8 40. Bb3
Bd7 41. Ke4 Ne8 42. Nc4+ Ke7 43. Ke5 g3 44. d6+ Nxd6 45. Ne3 Bc6 46. Bd5 Nf7+
47. Ke4 Bxd5+ 48. Kxd5 Nd6 49. Kxc5 Ke6 1/2-1/2

[Event "Islington op 8th Evening Standard"]
[Site "London"]
[Date "1972.12.16"]
[Round "4"]
[White "Thrower, Sean"]
[Black "Marden, Larry E"]
[Result "1-0"]
[WhiteElo "2136"]
[BlackElo "1880"]
[PlyCount "27"]
[EventDate "1972.12.15"]
[EventType "swiss"]
[EventRounds "6"]
[EventCountry "ENG"]
[SourceTitle "BritBase"]
[Source "John Saunders"]
[SourceDate "2023.12.16"]
[SourceVersion "1"]
[SourceVersionDate "2023.12.16"]
[SourceQuality "1"]

1. c4 f5 2. g3 g6 3. Bg2 Bg7 4. e3 e5 5. Nc3 c6 6. d4 d6 7. b3 Nd7 8. Nge2 Ngf6
9. Ba3 Qe7 10. dxe5 Qxe5 11. Bxd6 Qa5 12. O-O Nc5 13. b4 Qxb4 14. Qd4 1-0

[Event "Islington op 8th Evening Standard"]
[Site "London"]
[Date "1972.12.16"]
[Round "4"]
[White "Van der Weide, Piet"]
[Black "O'Sullivan, Brian F"]
[Result "1-0"]
[WhiteElo "2310"]
[BlackElo "1992"]
[PlyCount "55"]
[EventDate "1972.12.15"]
[EventType "swiss"]
[EventRounds "6"]
[EventCountry "ENG"]
[SourceTitle "BritBase"]
[Source "John Saunders"]
[SourceDate "2023.12.16"]
[SourceVersion "1"]
[SourceVersionDate "2023.12.16"]
[SourceQuality "1"]

1. e4 c5 2. Nf3 d6 3. d4 cxd4 4. Nxd4 Nf6 5. Nc3 g6 6. Be3 Bg7 7. Be2 Nc6 8.
Nb3 O-O 9. f4 Be6 10. g4 Rc8 11. f5 Bxb3 12. axb3 d5 13. exd5 Nb4 14. Bf3 Nfxd5
15. Nxd5 Nxc2+ 16. Kf2 Nxa1 17. f6 exf6 18. Qxa1 Rc2+ 19. Kg3 f5 20. gxf5 Qd6+
21. Kh3 Qe5 22. Qd1 Rxb2 23. Qd3 Rd8 24. Bg5 Rd6 25. Bh4 gxf5 26. Qc4 h5 27.
Bg3 Qe6 28. Re1 1-0

[Event "Islington op 8th Evening Standard"]
[Site "London"]
[Date "1972.12.16"]
[Round "4"]
[White "Webb, Simon"]
[Black "Chapman, Terry PD"]
[Result "1-0"]
[WhiteElo "2336"]
[BlackElo "2152"]
[PlyCount "96"]
[EventDate "1972.12.15"]
[EventType "swiss"]
[EventRounds "6"]
[EventCountry "ENG"]
[SourceTitle "BritBase"]
[Source "John Saunders"]
[SourceDate "2023.12.16"]
[SourceVersion "1"]
[SourceVersionDate "2023.12.16"]
[SourceQuality "1"]

1. d4 Nf6 2. c4 c5 3. Nf3 e6 4. Nc3 cxd4 5. Nxd4 a6 6. g3 Qc7 7. Qa4 Nc6 8.
Nxc6 dxc6 9. Bg2 Be7 10. O-O O-O 11. Qc2 Bd7 12. b3 c5 13. Bb2 Bc6 14. e4 Rfd8
15. Rfe1 Nd7 16. Nd5 exd5 17. exd5 Bf6 18. dxc6 bxc6 19. Re2 Bxb2 20. Qxb2 Nf8
21. Qe5 Qb6 22. h4 Rd4 23. h5 h6 24. Rae1 Rad8 25. Qf5 R4d6 26. Re8 Qa5 27.
R1e7 Rf6 28. Qe5 Qd2 29. Rxd8 Qxd8 30. Re8 Qd1+ 31. Kh2 Re6 32. Rxe6 Nxe6 33.
Bxc6 Qc2 34. Kg2 Qxa2 35. Qb8+ Nf8 36. Bd5 Qe2 37. Qc7 Ne6 38. Bxe6 Qxe6 39.
Qxc5 Qe4+ 40. Kh2 Qf3 41. b4 Kh7 42. Kg1 f5 43. b5 axb5 44. cxb5 Qg4 45. Qc6
Qxh5 46. b6 Qd1+ 47. Kg2 Qb1 48. b7 f4 1-0

[Event "Islington op 8th Evening Standard"]
[Site "London"]
[Date "1972.12.17"]
[Round "5"]
[White "Basman, Michael John"]
[Black "Farley, Ronald JM"]
[Result "1-0"]
[WhiteElo "2328"]
[BlackElo "2080"]
[PlyCount "97"]
[EventDate "1972.12.15"]
[EventType "swiss"]
[EventRounds "6"]
[EventCountry "ENG"]
[SourceTitle "BritBase"]
[Source "John Saunders"]
[SourceDate "2023.12.16"]
[SourceVersion "1"]
[SourceVersionDate "2023.12.16"]
[SourceQuality "1"]

1. e4 e5 2. f4 d5 3. exd5 exf4 4. Qf3 Nf6 5. Bc4 Bd6 6. h3 O-O 7. Ne2 Nbd7 8.
d4 Nb6 9. Bb3 Nbxd5 10. c4 Bb4+ 11. Nbc3 Ne3 12. Bxe3 fxe3 13. O-O-O c6 14. g4
Qa5 15. c5 b6 16. g5 Nd5 17. Nxd5 Bd2+ 18. Kb1 cxd5 19. c6 Be6 20. h4 Rac8 21.
h5 Rxc6 22. Ka1 f5 23. Nf4 e2 24. Nxe2 Bxg5 25. Nf4 Bxf4 26. Qxf4 Qb4 27. Rhe1
Qd6 28. Re5 Rfc8 29. h6 g6 30. Rde1 Qc7 31. Kb1 Qf7 32. a3 a6 33. Qf3 Kf8 34.
Qe2 f4 35. Rxe6 Qf5+ 36. Ka2 Rxe6 37. Qxe6 Qxe6 38. Rxe6 Kf7 39. Bxd5 Rd8 40.
Rd6+ Ke7 41. Rxd8 Kxd8 42. Kb3 g5 43. Bf3 Ke7 44. Kc4 Kd6 45. Kd3 a5 46. b4 Ke6
47. Ke4 Kf6 48. d5 Kg6 49. Ke5 1-0

[Event "Islington op 8th Evening Standard"]
[Site "London"]
[Date "1972.12.17"]
[Round "5"]
[White "Bennett, Gerald H"]
[Black "Burnett, James"]
[Result "1-0"]
[WhiteElo "2232"]
[BlackElo "2016"]
[PlyCount "41"]
[EventDate "1972.12.15"]
[EventType "swiss"]
[EventRounds "6"]
[EventCountry "ENG"]
[SourceTitle "BritBase"]
[Source "John Saunders"]
[SourceDate "2023.12.16"]
[SourceVersion "1"]
[SourceVersionDate "2023.12.16"]
[SourceQuality "1"]

1. c4 Nf6 2. Nc3 e6 3. g3 d5 4. d4 Be7 5. Nf3 O-O 6. Bg2 Nbd7 7. Qc2 c6 8. b3
b6 9. O-O Bb7 10. Bb2 Rc8 11. Rfd1 Rc7 12. a4 Bb4 13. Ne1 Qc8 14. Nd3 Bd6 15.
a5 e5 16. axb6 axb6 17. dxe5 Nxe5 18. Na4 Nxd3 19. Qxd3 Bc5 20. Nxc5 bxc5 21.
Be5 1-0

[Event "Islington op 8th Evening Standard"]
[Site "London"]
[Date "1972.12.17"]
[Round "5"]
[White "De Milliano, Rene"]
[Black "Green, SL"]
[Result "1-0"]
[WhiteElo "2160"]
[BlackElo "1720"]
[PlyCount "46"]
[EventDate "1972.12.15"]
[EventType "swiss"]
[EventRounds "6"]
[EventCountry "ENG"]
[SourceTitle "BritBase"]
[Source "John Saunders"]
[SourceDate "2023.12.16"]
[SourceVersion "1"]
[SourceVersionDate "2023.12.16"]
[SourceQuality "1"]

1. e4 Nc6 2. d4 d6 3. Be3 e5 4. c3 Nf6 5. h3 Nxe4 6. d5 Ne7 7. Qa4+ Bd7 8. Qxe4
f5 9. Qd3 f4 10. Bd2 b5 11. g3 g5 12. h4 Ng6 13. h5 Ne7 14. gxf4 exf4 15. Bg2
Nf5 16. Be4 Qf6 17. Na3 a6 18. Nc2 Bh6 19. Nf3 g4 20. Nfd4 O-O 21. Bxf5 Bxf5
22. Nxf5 Qxf5 23. Qxf5 Rxf5 1-0